[Event "Nordstrand GP Langsjakk 2018"]
[Site "Lambertseter gÃ¥rd"]
[Date "2018.04.20"]
[Round "3"]
[White "Nyland, Thomas"]
[Black "Hobber, Anders"]
[Result "0-1"]
[WhiteElo "2032"]
[BlackElo "2268"]
[PlyCount "162"]
[EventDate "2018.??.??"]

1. f4 d5 2. Nf3 g6 3. g3 Bg7 4. Bg2 c6 5. d4 Nh6 6. O-O O-O 7. c3 Nd7 8. Nbd2
Nf5 9. Nb3 a5 10. Ne5 Nf6 11. Nc5 Nd6 12. Be3 Bf5 13. Bf3 b6 14. Ncd3 Qc8 15.
Nf2 Nfe4 16. Qa4 b5 17. Qd1 Nxf2 18. Bxf2 Be4 19. Nd3 Rb8 20. Nc5 Bxf3 21. exf3
b4 22. Qd3 bxc3 23. bxc3 Nc4 24. Rab1 Qh3 25. Rfe1 Bf6 26. Rb3 Rb5 27. g4 Bh4
28. Bxh4 Qxh4 29. Qe2 e6 30. Nd7 Rd8 31. Ne5 Nxe5 32. Qxe5 Qe7 33. Reb1 Qb7 34.
f5 exf5 35. gxf5 Qd7 36. Rxb5 cxb5 37. Re1 Qc6 38. Qe7 Rc8 39. Re3 b4 40. cxb4
axb4 41. Qxb4 Qf6 42. Qd2 Qxf5 43. Rc3 Rxc3 44. Qxc3 Qb1+ 45. Kg2 Qxa2+ 46. Kg3
Qe2 47. h4 h5 48. Qc5 Qe1+ 49. Kh3 Qe6+ 50. Kg2 Kg7 51. Kg3 Qf5 52. Qd6 Qe6 53.
Qc5 Kf6 54. Qc3 Qd6+ 55. Kg2 Kg7 56. Qe3 Qe6 57. Qd3 Qe1 58. Kh3 Kf6 59. Qa3
Qh1+ 60. Kg3 Qg1+ 61. Kh3 Qxd4 62. Qf8 Qf4 63. Kg2 Qe5 64. Qh8+ Kf5 65. Qc8+
Qe6 66. Qd8 f6 67. Kf2 Qc6 68. Kg3 Ke5 69. Qe7+ Qe6 70. Qg7 Kf5 71. Qb7 Qe5+
72. Kg2 Kf4 73. Qb4+ d4 74. Qc4 g5 75. Qc1+ Kf5 76. Qc8+ Qe6 77. Qc5+ Kg6 78.
hxg5 Qe2+ 79. Kg1 Qe3+ 80. Kf1 Qxf3+ 81. Ke1 Qc3+ 0-1

[Event "Nordstrand GP Langsjakk 2018"]
[Site "Lambertseter gÃ¥rd"]
[Date "2018.04.20"]
[Round "3"]
[White "Pronstad, Thomas"]
[Black "Kvendseth, Thyra"]
[Result "1-0"]
[WhiteElo "2002"]
[BlackElo "1850"]
[PlyCount "61"]
[EventDate "2018.??.??"]

1. Nf3 Nf6 2. c4 g6 3. Nc3 Bg7 4. e4 d6 5. d4 O-O 6. Be2 Nbd7 7. O-O e5 8. h3
exd4 9. Nxd4 c6 10. Be3 Nc5 11. f3 a5 12. Qd2 Nh5 13. Rfd1 Qh4 14. Bf1 Nd7 15.
Bf2 Qe7 16. Nde2 Ne5 17. b3 Rd8 18. f4 Nd7 19. g4 Nhf6 20. Bh4 Re8 21. Bg2 Nc5
22. Bxf6 Qxf6 23. Qxd6 Qxd6 24. Rxd6 Nxe4 25. Bxe4 Bxg4 26. hxg4 Rxe4 27. Nxe4
Bxa1 28. Kf2 Rc8 29. Rd7 b5 30. Nd6 Rb8 31. c5 1-0

[Event "Nordstrand GP Langsjakk 2018"]
[Site "Lambertseter gård"]
[Date "2018.04.20"]
[Round "3"]
[White "Shehzad, Shazil"]
[Black "Sjøberg, Isak"]
[Result "1/2-1/2"]
[WhiteElo "1880"]
[BlackElo "2043"]
[PlyCount "55"]
[EventDate "2018.??.??"]

1. e4 e5 2. Nf3 Nc6 3. Nc3 Nf6 4. d4 exd4 5. Nxd4 Bb4 6. Nxc6 bxc6 7. Bd3 d5 8.
exd5 O-O 9. O-O cxd5 10. Bg5 c6 11. Qf3 Bd6 12. h3 Rb8 13. Rab1 Re8 14. Ne2 h6
15. Bf4 c5 16. c3 Bb7 17. Bxd6 Qxd6 18. Qg3 Qe7 19. Rfe1 Ne4 20. Qf4 Bc6 21.
Ng3 Qg5 22. Qxg5 hxg5 23. Nxe4 dxe4 24. Bc4 Rb7 25. b3 Rd8 26. Rbd1 Rbd7 27.
Rxd7 Rxd7 28. Kf1 1/2-1/2

[Event "Nordstrand GP Langsjakk 2018"]
[Site "Lambertseter gÃ¥rd"]
[Date "2018.04.20"]
[Round "3"]
[White "Sebastian, Andreas"]
[Black "Rukovci, Shemsi"]
[Result "1-0"]
[WhiteElo "1894"]
[BlackElo "1999"]
[Annotator "Lars"]
[PlyCount "132"]
[EventDate "2018.??.??"]

1. c4 Nf6 2. Nc3 e5 3. g3 Bb4 4. Bg2 Bxc3 5. bxc3 O-O 6. d3 h6 7. Nf3 Re8 8.
O-O d6 9. Rb1 Nbd7 10. Ba3 Rb8 11. Qc2 b6 12. e3 e4 13. Nd4 exd3 14. Qxd3 Ne5
15. Qe2 Bb7 16. Bxb7 Rxb7 17. c5 dxc5 18. Bxc5 bxc5 19. Rxb7 cxd4 20. cxd4 Nc6
21. Qb5 Qd5 22. Rc1 Re6 23. Qxd5 Nxd5 24. e4 Rxe4 25. Rxc6 Rxd4 26. Rxa7 f5 27.
Rc5 f4 28. Kg2 Rd3 29. Raa5 f3+ 30. Kh3 Nf6 31. Rc2 c6 32. Rac5 Ne4 33. Rxc6
Rd4 34. g4 Kh7 35. Rb6 Rd1 36. Rb4 Re1 37. Rb3 Rg1 38. Re3 Ng5+ 39. Kh4 Rg2 40.
h3 Rh2 41. Kg3 Rxh3+ 42. Kf4 Rh1 43. Re7 Rb1 44. Rcc7 Kh8 45. Rb7 Rc1 46. Ke3
Rc2 47. Rxg7 Re2+ 48. Kd3 Ne6 49. Rh7+ Kg8 50. Ra7 Rxf2 51. Rhe7 Nf8 52. Ke3
Rf1 53. Rg7+ Kh8 54. Rgf7 Kg8 55. Rxf3 Re1+ 56. Kf2 Re8 57. Rff7 Ne6 58. Rfe7
Rf8+ 59. Kg3 Ng5 60. Rg7+ Kh8 61. Rgb7 Rf3+ 62. Kg2 Rf8 63. a4 Rc8 64. a5 Rc2+
65. Kg3 Rc3+ 66. Kf4 Ne6+ {Klaff} 1-0

[Event "Nordstrand GP Langsjakk 2018"]
[Site "Lambertseter gÃ¥rd"]
[Date "2018.04.20"]
[Round "3"]
[White "Skaslien, Ingrid"]
[Black "Vitenberg, Noam Aviv"]
[Result "0-1"]
[WhiteElo "1795"]
[BlackElo "1997"]
[Annotator "Lars"]
[PlyCount "31"]
[EventDate "2018.??.??"]

1. d4 d5 2. c4 e6 3. Nc3 c6 4. e3 Nf6 5. Bd3 Bd6 6. Nf3 Nbd7 7. O-O O-O 8. b3
dxc4 9. Bxc4 e5 10. Qc2 exd4 11. exd4 Nb6 12. Be2 h6 13. Bb2 Bg4 14. Rad1 Qc7
15. h3 Bh5 16. Rfe1 {69 trekk} 0-1

[Event "Nordstrand GP Langsjakk 2018"]
[Site "Lambertseter gÃ¥rd"]
[Date "2018.04.20"]
[Round "3"]
[White "Unneland, Mathias"]
[Black "Fossan, Aleksander"]
[Result "0-1"]
[WhiteElo "1956"]
[BlackElo "2138"]
[PlyCount "48"]
[EventDate "2018.??.??"]

1. d4 Nf6 2. c4 g6 3. Nc3 d5 4. cxd5 Nxd5 5. e4 Nxc3 6. bxc3 Bg7 7. Bc4 c5 8.
e5 Nc6 9. Ne2 O-O 10. O-O Bg4 11. f3 Bf5 12. Be3 Qc7 13. Bd3 Bxd3 14. Qxd3 Rad8
15. Qe4 e6 16. Rab1 Rd7 17. Qg4 Ne7 18. Bg5 Qa5 19. Bf6 Bxf6 20. exf6 Nd5 21.
Nf4 Nxf6 22. Qg5 Nd5 23. Ne2 Qxa2 24. Rbe1 Qc4 0-1

[Event "Nordstrand GP Langsjakk 2018"]
[Site "Lambertseter gÃ¥rd"]
[Date "2018.04.20"]
[Round "3"]
[White "Ingebretsen, Jens E"]
[Black "Omtvedt, Per"]
[Result "1-0"]
[WhiteElo "2124"]
[BlackElo "1872"]
[PlyCount "23"]
[EventDate "2018.??.??"]

1. e4 c5 2. Nf3 e6 3. d4 cxd4 4. Nxd4 Nc6 5. Nc3 Qc7 6. g3 a6 7. Bg2 Bb4 8. O-O
Nf6 9. Bg5 b5 10. e5 Ng8 11. Nxc6 dxc6 12. Bxc6+ 1-0

[Event "Nordstrand GP Langsjakk 2018"]
[Site "Lambertseter gÃ¥rd"]
[Date "2018.04.20"]
[Round "3"]
[White "Jashari, Driton"]
[Black "Huse, Sigurd KjelsbÃ¸l"]
[Result "0-1"]
[WhiteElo "1808"]
[BlackElo "1989"]
[PlyCount "106"]
[EventDate "2018.??.??"]

1. e4 e5 2. Nf3 Nf6 3. Bc4 Nxe4 4. Nc3 Nf6 5. d4 exd4 6. Qxd4 Nc6 7. Qh4 Bb4 8.
Bg5 Qe7+ 9. Kf1 Bxc3 10. bxc3 d6 11. Re1 Be6 12. Bb5 a6 13. Bc4 O-O-O 14. Bd3
h6 15. Be3 Nd5 16. Qg3 Nxe3+ 17. Rxe3 Qf6 18. Ne1 Ne5 19. Be2 Nc4 20. Rd3 Rhe8
21. Rd4 Nb6 22. f4 Bxa2 23. Nd3 Kb8 24. Nc1 Qe6 25. Kf2 Bc4 26. Re1 g6 27. Rdd1
Qf5 28. Nd3 Bxd3 29. Bxd3 Qc5+ 30. Kf1 Nd5 31. Qf2 Ne3+ 32. Rxe3 Qxe3 33. Qxe3
Rxe3 34. Kf2 Re7 35. Rb1 Ka7 36. Rb4 b5 37. Rb2 c5 38. c4 b4 39. h3 a5 40. h4
Kb6 41. f5 gxf5 42. Bxf5 a4 43. g4 a3 44. Rb1 Re5 45. Bd3 d5 46. Kf3 f6 47. Kf4
dxc4 48. Bf5 Rd4+ 49. Kf3 a2 50. Ra1 b3 51. cxb3 cxb3 52. h5 Rxf5+ 53. gxf5 b2
0-1

[Event "Nordstrand GP Langsjakk 2018"]
[Site "Lambertseter gÃ¥rd"]
[Date "2018.04.20"]
[Round "3"]
[White "Kvendseth, Cornelius"]
[Black "Sidali, Elias Hulleberg"]
[Result "1/2-1/2"]
[WhiteElo "1995"]
[BlackElo "1851"]
[Annotator "Lars"]
[PlyCount "50"]
[EventDate "2018.??.??"]

1. Nf3 Nf6 2. g3 g6 3. Bg2 Bg7 4. O-O O-O 5. d4 d5 6. c4 c6 7. Nc3 Nbd7 8. cxd5
cxd5 9. Qb3 Nb6 10. Bf4 Nh5 11. Bd2 e6 12. Rac1 Nc4 13. e3 Qb6 14. Qxb6 axb6
15. b3 Nxd2 16. Nxd2 Bd7 17. Rc2 Rfc8 18. Rfc1 Nf6 19. Bf1 Bf8 20. Ndb1 Ne8 21.
Bb5 Bxb5 22. Nxb5 Rxc2 23. Rxc2 Nd6 24. N5c3 Rc8 25. Rb2 b5 1/2-1/2

[Event "Nordstrand GP Langsjakk 2018"]
[Site "Lambertseter gård"]
[Date "2018.04.20"]
[Round "3"]
[White "Gonzàles, Francisco Silva"]
[Black "Digernes, Magnus"]
[Result "1-0"]
[WhiteElo "2100"]
[BlackElo "1854"]
[PlyCount "61"]
[EventDate "2018.??.??"]

1. d4 Nf6 2. c4 g6 3. Nc3 Bg7 4. e4 d6 5. f3 c6 6. Be3 a6 7. Bd3 Nbd7 8. Qd2 e5
9. d5 O-O 10. Nge2 cxd5 11. cxd5 b5 12. O-O Nb6 13. b3 Bd7 14. Rac1 Ne8 15. Kh1
f5 16. f4 b4 17. Nd1 fxe4 18. Bxe4 a5 19. Nf2 Bb5 20. fxe5 Bxe5 21. Ng4 Nd7 22.
Rxf8+ Nxf8 23. Nd4 Bd7 24. Nc6 Bxc6 25. dxc6 Nc7 26. Bd5+ Nfe6 27. Bg5 Qe8 28.
Re1 Kh8 29. Nxe5 Nxd5 30. Qxd5 Nxg5 31. Nf3 1-0

[Event "Nordstrand GP Langsjakk 2018"]
[Site "Lambertseter gÃ¥rd"]
[Date "2018.04.20"]
[Round "3"]
[White "Krohg, Georg A"]
[Black "Abrahamsen, Knut Ã~"]
[Result "1-0"]
[WhiteElo "1930"]
[BlackElo "1869"]
[PlyCount "80"]
[EventDate "2018.??.??"]

1. d4 Nf6 2. c4 g6 3. g3 Bg7 4. Bg2 O-O 5. Nc3 d6 6. Nf3 Nbd7 7. O-O Ne8 8. Rb1
h6 9. Nh4 e5 10. d5 Nb6 11. b3 g5 12. Nf3 Bf5 13. e4 Bg6 14. g4 Nf6 15. Nd2 Qd7
16. h3 c6 17. Re1 Rac8 18. Bb2 Rc7 19. Nf1 Rfc8 20. Qd2 cxd5 21. cxd5 Bf8 22.
f3 Ne8 23. Ne3 f6 24. a4 a6 25. a5 Na8 26. Bf1 Qh7 27. Na4 h5 28. Rbc1 hxg4 29.
hxg4 Qh4 30. Nb6 Nxb6 31. axb6 Rxc1 32. Rxc1 Rxc1 33. Qxc1 Qg3+ 34. Bg2 Be7 35.
Bc3 Bd8 36. Be1 Qf4 37. Ba5 Kf8 38. Qe1 Ng7 39. Nc4 Bxe4 40. Bd2 Bxb6+ 1-0

[Event "Nordstrand GP Langsjakk 2018"]
[Site "Lambertseter gård"]
[Date "2018.04.20"]
[Round "3"]
[White "Tangelder, Yonne"]
[Black "Tunsjø, Axel"]
[Result "0-1"]
[WhiteElo "1830"]
[BlackElo "1904"]
[PlyCount "56"]
[EventDate "2018.??.??"]

1. e4 c5 2. Nc3 Nc6 3. f4 g6 4. Nf3 Bg7 5. Bb5 Nd4 6. O-O a6 7. Bd3 d6 8. Nxd4
cxd4 9. Ne2 e5 10. c3 d5 11. fxe5 Bxe5 12. cxd4 dxe4 13. Bb5+ axb5 14. dxe5 Qd3
15. Nf4 Qd4+ 16. Kh1 Qxe5 17. d3 Nf6 18. dxe4 Nxe4 19. Be3 O-O 20. Bd4 Qe7 21.
Qe1 Bf5 22. Rd1 Rad8 23. Bb6 Rxd1 24. Qxd1 Rc8 25. Nd5 Qd6 26. Ba7 Rd8 27. Ne3
Nf2+ 28. Rxf2 Qxd1+ 0-1

[Event "Nordstrand GP Langsjakk 2018"]
[Site "Lambertseter gÃ¥rd"]
[Date "2018.04.20"]
[Round "3"]
[White "Dahl, Max"]
[Black "Rolstad, Morten"]
[Result "1-0"]
[WhiteElo "1925"]
[BlackElo "1850"]
[PlyCount "55"]
[EventDate "2018.??.??"]

1. e4 c5 2. Nf3 Nc6 3. Bb5 d6 4. O-O Bd7 5. Re1 e5 6. c3 Be7 7. d4 Qc7 8. dxe5
dxe5 9. Qe2 Nf6 10. Bg5 h6 11. Bh4 g5 12. Bg3 g4 13. Nh4 Nh5 14. Nf5 Bf6 15.
Nd2 O-O-O 16. Nc4 Bxf5 17. exf5 Nxg3 18. hxg3 h5 19. Bxc6 bxc6 20. Rad1 Rd5 21.
Qe4 Rhd8 22. Ne3 Rd2 23. Rxd2 Rxd2 24. Nc4 Rd5 25. Ne3 Rd2 26. Rd1 Rxb2 27. Nc4
Rxa2 28. Rd6 1-0

[Event "Nordstrand GP Langsjakk 2018"]
[Site "Lambertseter gård"]
[Date "2018.04.20"]
[Round "3"]
[White "Aarnes, Carl Christian"]
[Black "Gyldenås, Ole Jørn"]
[Result "1/2-1/2"]
[WhiteElo "1806"]
[BlackElo "1977"]
[PlyCount "105"]
[EventDate "2018.??.??"]

1. e4 e6 2. d4 d5 3. exd5 exd5 4. Bd3 Nf6 5. Bg5 Be7 6. Nf3 Bg4 7. O-O O-O 8.
Nbd2 Nbd7 9. Re1 c6 10. c3 Re8 11. Qc2 Bh5 12. Re2 h6 13. Bf4 Bxf3 14. Nxf3 Nh5
15. Qd2 Nxf4 16. Qxf4 Bf8 17. Rae1 Rxe2 18. Rxe2 Nf6 19. h3 Bd6 20. Ne5 Qc7 21.
Qf5 Qc8 22. g4 Qxf5 23. Bxf5 Re8 24. f4 g6 25. Bd3 Kg7 26. Kf2 Re7 27. Kf3 Bc7
28. h4 Ne8 29. f5 g5 30. hxg5 hxg5 31. Bc2 f6 32. Nd3 Rxe2 33. Kxe2 Bd6 34. b3
Nc7 35. c4 dxc4 36. bxc4 Kf8 37. Kd2 Ke8 38. Kc3 Kd7 39. Nf2 Be7 40. a4 a5 41.
Be4 b5 42. Kb3 bxa4+ 43. Kxa4 Bb4 44. Nd3 Bc3 45. Nc5+ Kd6 46. Nb7+ Kd7 47.
Nxa5 Bxd4 48. Nxc6 Bc5 49. Nb4 Kd6 50. Nd3 Bd4 51. Kb4 Na6+ 52. Kb5 Nc5 53.
Nxc5 1/2-1/2

[Event "Nordstrand GP Langsjakk 2018"]
[Site "Lambertseter gÃ¥rd"]
[Date "2018.04.20"]
[Round "3"]
[White "Olsen, Robin"]
[Black "Ness, Jarle"]
[Result "1-0"]
[WhiteElo "2087"]
[BlackElo "1828"]
[PlyCount "87"]
[EventDate "2018.??.??"]

1. d4 f5 2. Nf3 e6 3. g3 d5 4. Bg2 Nf6 5. b3 c6 6. O-O Bd6 7. Ba3 O-O 8. c4
Bxa3 9. Nxa3 Qd6 10. Nc2 b6 11. Nd2 Ne4 12. f3 Nxd2 13. Qxd2 Nd7 14. e4 a5 15.
Ne3 Ba6 16. e5 Qb4 17. Rad1 Qxd2 18. Rxd2 Rfc8 19. f4 g6 20. cxd5 cxd5 21. Nxd5
exd5 22. Bxd5+ Kf8 23. Bxa8 Rxa8 24. Rc1 Ke7 25. a3 Bb7 26. d5 Nc5 27. d6+ Ke6
28. d7 Ke7 29. Rd6 Nxd7 30. Rc7 Bc8 31. Rxb6 Kd8 32. Rbc6 Nf8 33. Rf7 Ke8 34.
Rcc7 Bd7 35. Rxf8+ Kxf8 36. Rxd7 Rb8 37. Ra7 Rxb3 38. Rxa5 Rb2 39. Ra7 h5 40.
a4 Ra2 41. a5 Kg8 42. a6 Kf8 43. Ra8+ Ke7 44. a7 1-0

[Event "Nordstrand GP Langsjakk 2018"]
[Site "Lambertseter gård"]
[Date "2018.04.20"]
[Round "4"]
[White "Ranaldi, Lucas"]
[Black "Tryggestad, Andreas G"]
[Result "1/2-1/2"]
[WhiteElo "2226"]
[BlackElo "2267"]
[PlyCount "207"]
[EventDate "2018.??.??"]

1. c4 Nf6 2. Nc3 d5 3. cxd5 Nxd5 4. g3 g6 5. Bg2 Nxc3 6. bxc3 Bg7 7. h4 Nc6 8.
Rb1 O-O 9. h5 e5 10. Qa4 Bd7 11. hxg6 hxg6 12. Rxb7 Nd4 13. Qa5 Bc6 14. Bxc6
Nxc6 15. Qa4 Nd4 16. Qc4 Nf5 17. Rb3 e4 18. Qxe4 Re8 19. Qf3 Qd7 20. g4 Nd6 21.
Nh3 Qa4 22. Ra3 Qc2 23. O-O Nc4 24. Ng5 Ne5 25. Qh3 f6 26. Nf3 Nc4 27. Nd4 Qb1
28. Ra4 Nb6 29. Ra5 Nc4 30. Ra4 Nb6 31. Ra5 Re5 32. Rxe5 fxe5 33. Nf3 Nd7 34.
g5 Nf8 35. Ba3 Qxa2 36. Bxf8 Rxf8 37. Qg4 a5 38. Nh4 Rf4 39. Qc8+ Kh7 40. Ng2
Rf5 41. Qxc7 Rxg5 42. Qd7 Qc2 43. Qd3 Qb3 $11 44. f4 Qb6+ 45. e3 Rg3 46. Kh2
exf4 47. Rxf4 Rg5 48. Rh4+ Kg8 49. Qc4+ Kf8 50. Rf4+ Rf5 51. Rxf5+ gxf5 52.
Qc8+ Ke7 53. Qxf5 Qd6+ 54. Kh3 Qxd2 55. Qc5+ Ke8 56. Qxa5 Qxc3 57. Qa8+ Kd7 58.
Qb7+ Ke8 59. Qe4+ Qe5 60. Qf3 Qe6+ 61. Kg3 Qg6+ 62. Kf2 Qc2+ 63. Kg1 Qb1+ 64.
Kh2 Qh7+ 65. Kg3 Qg6+ 66. Kf2 Qc2+ 67. Kf1 Qb1+ 68. Ne1 Qb5+ 69. Kf2 Qb2+ 70.
Kg1 Qa1 71. Qe4+ Kf7 72. Kf2 Qb2+ 73. Kf1 Qb5+ 74. Nd3 Qa6 75. Kf2 Qf6+ 76. Ke2
Qe6 77. Qb7+ Qe7 78. Qf3+ Qf6 79. Nf4 Qb2+ 80. Kf1 Ke8 81. Qc6+ Kd8 82. Ne6+
Ke7 83. Nxg7 Qxg7 84. Ke2 Qe5 85. Kd3 Qa5 86. Ke4 Qg5 87. Qc7+ Ke6 88. Qc8+ Ke7
89. Qb7+ Ke6 90. Qb6+ Ke7 91. Qb7+ Ke6 92. Qc8+ Ke7 93. Qf5 Qg2+ 94. Kd3 Qg1
95. Qe5+ Kd7 96. Qd4+ Ke6 97. Qc4+ Kd6 98. Qf4+ Ke6 99. Qc4+ Kd6 100. Kd4 Qg4+
101. e4 Qg1+ 102. Kc3 Qc1+ 103. Kb4 Qxc4+ 104. Kxc4 
1/2-1/2

[Event "Nordstrand GP Langsjakk 2018"]
[Site "Lambertseter gård"]
[Date "2018.04.20"]
[Round "4"]
[White "Abdrlauf, Elham"]
[Black "Djurhuus, Rune"]
[Result "0-1"]
[WhiteElo "2073"]
[BlackElo "2437"]
[PlyCount "58"]
[EventDate "2018.??.??"]

1. e4 c5 2. Nf3 Nc6 3. d4 cxd4 4. Nxd4 g6 5. Nc3 Bg7 6. Be3 Nf6 7. Be2 O-O 8.
Qd2 d5 9. exd5 Nxd5 10. Nxd5 Nxd4 11. Bxd4 Qxd5 12. Bxg7 Qxg2 13. O-O-O Kxg7
14. Qd4+ Kg8 15. Qe3 Qc6 16. Bd3 Qf6 17. h4 Bg4 18. Rdg1 h5 19. Rg3 Rfd8 20.
Rhg1 Rac8 21. Kb1 b6 22. a3 Rc5 23. f3 Bf5 24. Bxf5 Rxf5 25. Qb3 Kg7 26. Qa4 a5
27. Qb3 Rd4 28. Rg5 Rxf3 29. Qb5 Rxh4
0-1

[Event "Nordstrand GP Langsjakk 2018"]
[Site "Lambertseter gård"]
[Date "2018.04.20"]
[Round "4"]
[White "Hobber, Anders"]
[Black "Støre, Trond"]
[Result "1-0"]
[WhiteElo "2268"]
[BlackElo "2056"]
[PlyCount "83"]
[EventDate "2018.??.??"]

1. d4 Nf6 2. Nf3 e6 3. Bf4 b6 4. e3 Bb7 5. Nbd2 Be7 6. h3 Ne4 7. Be2 O-O 8. O-O
c5 9. a4 Nxd2 10. Nxd2 d6 11. a5 Nd7 12. c3 e5 13. dxe5 Nxe5 14. e4 Qc7 15. Qc2
d5 16. exd5 Bxd5 17. Qf5 f6 18. Bc4 Bxc4 19. Nxc4 bxa5 20. Qe6+ Kh8 21. Bxe5
fxe5 22. Qxe5 Qb7 23. Nxa5 Qd7 24. Rfd1 Qe8 25. Re1 Rf7 26. Nc4 Qb5 27. Qe6 Rf4
28. Qxe7 Qxc4 29. Rxa7 Rg8 30. Rc7 Rf5 31. Qe4 Qxe4 32. Rxe4 h6 33. Ree7 Rg5
34. Rb7 Rd8 35. Rbd7 Rb8 36. Re2 Rg6 37. h4 Rg4 38. g3 Rg6 39. Rc7 Rb5 40. c4
Ra5 41. Re8+ Kh7 42. Rcc8 1-0

[Event "Nordstrand GP Langsjakk 2018"]
[Site "Lambertseter gård"]
[Date "2018.04.20"]
[Round "4"]
[White "Nordquelle, Daniel"]
[Black "Pronstad, Thomas"]
[Result "1-0"]
[WhiteElo "2181"]
[BlackElo "2002"]
[PlyCount "69"]
[EventDate "2018.??.??"]

1. e4 d5 2. exd5 Qxd5 3. Nc3 Qd8 4. d4 Nf6 5. Nf3 Bg4 6. Be2 e6 7. h3 Bxf3 8.
Bxf3 c6 9. Bf4 Bd6 10. Qd2 O-O 11. O-O-O Bxf4 12. Qxf4 Nd5 13. Nxd5 cxd5 14. h4
Nc6 15. g4 Rc8 16. Kb1 Qc7 17. Qd2 Na5 18. Be2 Nc4 19. Bxc4 dxc4 $11 20. c3 b5
21. h5 a5 22. h6 g6 23. Qg5 f6 24. Qxb5 Rb8 25. Qa4 Qb7 26. Qc2 Qf3 27. Rhg1
Rb6 28. Rg3 Qf4 29. Qe2 Rfb8 30. Ka1 Rxb2 31. Qxe6+ Kh8 32. Re3 Qxh6 33. Rde1
Qf4 34. Qf7 Qxe3 35. fxe3 1-0

[Event "Nordstrand GP Langsjakk 2018"]
[Site "Lambertseter gård"]
[Date "2018.04.20"]
[Round "5"]
[White "Djurhuus, Rune"]
[Black "Fossan, Aleksander"]
[Result "1-0"]
[WhiteElo "2437"]
[BlackElo "2138"]
[PlyCount "69"]
[EventDate "2018.??.??"]

1. d4 Nf6 2. c4 g6 3. f3 d5 4. cxd5 Nxd5 5. e4 Nb6 6. Nc3 Bg7 7. Be3 O-O 8. Qd2
Nc6 9. O-O-O e5 10. d5 Nd4 11. f4 Bg4 12. Re1 c5 13. fxe5 Bxe5 14. h3 Qh4 15.
Bd3 Rac8 16. Rf1 f6 17. Kb1 Bh5 18. Nf3 Bxf3 19. gxf3 c4 20. Bc2 Nxc2 21. Kxc2
f5 22. Bd4 Nd7 23. Bxe5 Nxe5 24. f4 Nd3 25. e5 Rfd8 26. d6 Qh6 27. h4 Rc5 28.
Qg2 b6 29. Qf3 Qg7 30. Rhg1 Nxe5 31. fxe5 Qxe5 32. h5 Rxd6 33. Qa8+ Kg7 34. h6+
Kf7 35. Re1 
1-0

[Event "Nordstrand GP Langsjakk 2018"]
[Site "Lambertseter gård"]
[Date "2018.04.20"]
[Round "5"]
[White "Tryggestad, Andreas G"]
[Black "Hobber, Anders"]
[Result "1/2-1/2"]
[WhiteElo "2267"]
[BlackElo "2268"]
[PlyCount "23"]
[EventDate "2018.??.??"]

1. d4 d5 2. c4 c6 3. Nf3 Nf6 4. Nc3 a6 5. g3 dxc4 6. Bg2 e6 7. Ne5 Nbd7 8. Nxc4
Be7 9. O-O O-O 10. e4 b5 11. Ne3 Bb7 12. d5 
1/2-1/2

[Event "Nordstrand GP Langsjakk 2018"]
[Site "Lambertseter gård"]
[Date "2018.04.20"]
[Round "5"]
[White "Sjøberg, Isak"]
[Black "Ranaldi, Lucas"]
[Result "0-1"]
[WhiteElo "2043"]
[BlackElo "2226"]
[PlyCount "74"]
[EventDate "2018.??.??"]

1. e4 c6 2. d4 d5 3. Nc3 g6 4. Nf3 Bg7 5. Bf4 Bg4 6. exd5 cxd5 7. Nb5 Na6 8. h3
Bxf3 9. Qxf3 Nf6 10. Bd3 O-O 11. c3 Ne8 12. O-O e6 13. Qg3 Nf6 14. Qf3 Ne8 15.
Qg3 Nf6 16. Qf3 Qd7 17. Be5 Ne8 18. Bxg7 Kxg7 19. Qg3 Nac7 20. Na3 b5 21. Nc2
Nd6 22. f4 Nce8 23. Ne3 f5 24. Rfe1 Nf6 25. Nf1 Rab8 26. Qe3 Nfe4 27. Bxe4 fxe4
28. b3 Rfc8 29. Rac1 Rc6 30. g4 Rbc8 31. Re2 b4 32. c4 dxc4 33. d5 exd5 34.
Qd4+ Kg8 35. Qxd5+ Qf7 36. Qd4 Nb5 37. Qe5 Nc3 0-1

[Event "Nordstrand GP Langsjakk 2018"]
[Site "Lambertseter gård"]
[Date "2018.04.20"]
[Round "5"]
[White "Nordquelle, Daniel"]
[Black "Nyland, Thomas"]
[Result "1-0"]
[WhiteElo "2181"]
[BlackElo "2032"]
[PlyCount "109"]
[EventDate "2018.??.??"]

1. e4 c5 2. Nc3 Nc6 3. Bb5 Nd4 4. Bc4 g6 5. Nge2 Bg7 6. d3 d6 7. O-O a6 8. a4
Rb8 9. Be3 Bd7 10. Qd2 b5 11. axb5 axb5 12. Ba2 Nxe2+ 13. Qxe2 b4 14. Nd1 Ra8
15. Qf3 Be6 16. Bxe6 fxe6 17. Rxa8 Qxa8 18. Qh3 Qc8 19. b3 Nf6 20. Bh6 O-O 21.
Bxg7 Kxg7 22. Ne3 e5 23. Qh4 Qd7 24. g3 Ra8 25. f4 exf4 26. gxf4 Ra2 27. f5 c4
28. fxg6 hxg6 29. Qg3 Qa7 30. Kh1 cxd3 31. Nf5+ Kf7 32. Nh6+ Kg7 33. Rg1 Qxg1+
34. Qxg1 Kxh6 35. cxd3 Kg7 36. Qd4 Rd2 37. h3 Kf8 38. Kg1 Kg7 39. Kf1 Kf8 40.
Ke1 Rh2 41. Qxb4 Rxh3 42. Qc4 Rh5 43. b4 d5 44. Qc6 dxe4 45. b5 Ne8 46. dxe4
Nd6 47. b6 Re5 48. Kf1 Kf7 49. Kg2 g5 50. Kg3 Ra5 51. Kg4 Re5 52. Kf3 Ra5 53.
Ke3 Ra1 54. Qd5+ Ke8 55. e5 1-0

[Event "Nordstrand GP Langsjakk 2018"]
[Site "Lambertseter gård"]
[Date "2018.04.20"]
[Round "5"]
[White "Dahl, Max"]
[Black "Omtvedt, Per"]
[Result "1/2-1/2"]
[WhiteElo "1925"]
[BlackElo "1872"]
[PlyCount "24"]
[EventDate "2018.??.??"]

1. d4 d5 2. Nf3 c6 3. g3 Nf6 4. Bg2 g6 5. O-O Bg7 6. b3 O-O 7. Bb2 Ne4 8. Nbd2
Bf5 9. Nxe4 Bxe4 10. Ne5 Bxg2 11. Kxg2 Nd7 12. Nxd7 Qxd7 
1/2-1/2

[Event "Nordstrand GP Langsjakk 2018"]
[Site "Lambertseter gård"]
[Date "2018.04.20"]
[Round "5"]
[White "Skaslien, Ingrid"]
[Black "Tunsjø, Axel"]
[Result "1-0"]
[WhiteElo "1795"]
[BlackElo "1904"]
[PlyCount "125"]
[EventDate "2018.??.??"]

1. d4 g6 2. Nf3 d6 3. c4 Nf6 4. Nc3 Bg7 5. e4 O-O 6. Be2 e5 7. O-O Nc6 8. d5
Ne7 9. Qc2 Nd7 10. b4 a5 11. Ba3 f5 12. Ng5 Nf6 13. b5 b6 14. Ne6 Bxe6 15. dxe6
fxe4 16. Nxe4 Nf5 17. Bb2 Qe7 18. Nxf6+ Bxf6 19. Bf3 Rae8 20. Bd5 Ng7 21. f4
exf4 22. Rae1 g5 23. Rf3 Nf5 24. Bxf6 Rxf6 25. Qe4 Nh4 26. Rh3 Ref8 27. Qe2 Kg7
28. Qg4 Rg6 29. Rd3 Nf5 30. Rh3 Qf6 31. Re4 Ne7 32. Qd1 g4 33. Rb3 Qf5 34. Re2
Rh6 35. h3 Rff6 36. Qd4 a4 37. Rd3 Rhg6 38. Kf1 Kg8 39. Be4 Qh5 40. Bxg6 Qxg6
41. hxg4 Rxe6 42. Rxe6 Qxe6 43. Qxf4 Ng6 44. Qd4 Qf7+ 45. Rf3 Qe7 46. Qd5+ Kg7
47. g5 Ne5 48. Rf6 Qe8 49. Qe6 Qxe6 50. Rxe6 Kf7 51. Rf6+ Kg7 52. Rf4 Kg6 53.
Rh4 Nf7 54. Re4 Ne5 55. Ke2 Kxg5 56. Ke3 Ng4+ 57. Kd4 Ne5 58. Kd5 Kf6 59. Rh4
Kg6 60. Rh3 h5 61. Ra3 Kg5 62. Rxa4 h4 63. Ra7 1-0